[Event "POL-chT Region 0607"]
[Site "Poland"]
[Date "2006.11.12"]
[Round "1"]
[White "Wodzynski, Mieszko"]
[Black "Gulbicki, Krzysztof"]
[Result "1-0"]
[WhiteElo "1823"]
[BlackElo "1800"]
[PlyCount "85"]
[EventDate "2006.11.12"]
[EventType "team-tourn"]
[EventRounds "11"]
[EventCountry "POL"]
[SourceTitle "EXT 2008"]
[Source "ChessBase"]
[SourceDate "2007.11.25"]
[SourceVersion "1"]
[SourceVersionDate "2007.11.25"]
[SourceQuality "1"]

1. e4 e5 2. Bc4 Bc5 3. Nf3 Nc6 4. b4 Bb6 5. a4 a6 6. a5 Ba7 7. c3 Nf6 8. Qb3 0-0 9. d3 h6 10. Ba3 d6 11. 0-0 Qe7 12. Nbd2 Be6 13. Bb2 Rad8 14. b5 axb5 15. Qxb5 Bxc4 16. Nxc4 Rb8 17. a6 Nd8 18. Ba3 Qd7 19. Qxd7 Nxd7 20. axb7 Rxb7 21. d4 exd4 22. cxd4 Re8 23. Bxd6 Bxd4 24. Nxd4 Rxe4 25. Ra8 Nb8 26. Bc5 Ne6 27. Nxe6 Rxc4 28. Ba7 fxe6 29. Rxb8+ Rxb8 30. Bxb8 e5 31. g3 Kf7 32. Rd1 Ke6 33. Rd8 e4 34. Rc8 c6 35. Rc7 g6 36. Rh7 h5 37. Bf4 Kf5 38. h3 Rc2 39. Be3 Rc4 40. Kf1 Rc2 41. Rc7 g5 42. Rg7 Kf6 43. Bd4+ 1-0